Resonancia magnética nuclear de hidrógeno /

Guardado en:
Autor Principal: Joseph Nathan, Pedro
Formato: Libro
Publicado: Estados Unidos de América : O.e.a., 1973
Materias:
Etiquetas: Agregar Etiqueta
Sin Etiquetas, Sea el primero en etiquetar este registro!
LEADER 00454nam a22001575a 4500
001 CEM.cems003517
005 19000101000000.0
008 130507s1973##################000#0#####d
003 CEMS
082 0 4 |a 546.1 
100 1 |a Joseph Nathan, Pedro 
245 1 0 |a Resonancia magnética nuclear de hidrógeno / 
260 |a Estados Unidos de América :  |b O.e.a.,  |c 1973 
300 |a 109 p. 
653 |a Quimica 
859 |a CEMS  |b BIB. CEMS - 11 de abril  |h 546.1  |i J774  |p 9922.81  |t Ej.1